000 00916nam a2200265 i 4500
001 186360
003 ES-MaACL
005 20230906222644.0
008 161028s1979 sp d |||| | spa d
020 _a84-7153-192-5
080 _a(038)=134.2=14
100 1 _aPabón, José Manuel.
_988100
245 1 0 _aDiccionario manual griego-español
_b: con un apéndice gramatical /
_cpor José M. Pabón S. de Urbina.
246 3 3 _aDiccionario manual griego-español
_b: Vox
250 _a11ª ed.
260 _aBarcelona :
_bBiblograf,
_c1979.
300 _aXVI, 711 p. ;
_c20 cm.
490 1 _aVox
594 _aApéndice gramatical por M. Fernández-Galiano.
650 0 4 _aLengua griega-
_vDiccionarios-
_xEspañol.
_914242
650 0 4 _aLengua griega-
_xGramática.
_914245
830 0 _aVox
_9182574
852 _aES-MaACL
_jL-30725
_z- enc. cart.
_z. - Donat. Miguel A. Velasco
999 _c186360
_d186360